[Event "Rio Grande Centennial op"]
[Site "Rio Grande"]
[Date "2021.10.01"]
[Round "4"]
[White "Remolcoy, Luciano"]
[Black "Flores, Diego"]
[Result "0-1"]
[WhiteElo "1944"]
[BlackElo "2599"]
[PlyCount "54"]
[EventDate "2021.09.29"]
[EventType "swiss"]
[EventRounds "9"]
[EventCountry "ARG"]
[SourceTitle "EXT 2022"]
[Source "ChessBase"]
[SourceDate "2021.10.06"]
[SourceVersion "1"]
[SourceVersionDate "2021.10.06"]
[SourceQuality "1"]

1. d4 d6 2. Nf3 Bg4 3. e4 Nf6 4. Nbd2 e6 5. Bd3 Be7 6. 0-0 0-0 7. h3 Bh5 8. Qe2 d5 9. e5 Nfd7 10. Re1 c5 11. c3 Nc6 12. g4 Bg6 13. a3 Qb6 14. Qe3 cxd4 15. cxd4 Ncxe5 16. Nxe5 Nxe5 17. dxe5 Bc5 18. Qf3 Bxd3 19. b4 Bd4 20. Ra2 f6 21. Qxd3 Bxf2+ 22. Kf1 fxe5 23. Re2 e4 24. Qb3 Bg3+ 25. Kg2 Rf2+ 26. Kxg3 Rxe2 27. Nxe4 Qg1+ 0-1

[Event "General Pico op"]
[Site "General Pico"]
[Date "2019.04.06"]
[Round "3"]
[White "Fernandez, Antonio Omar"]
[Black "Remolcoy, Luciano"]
[Result "0-1"]
[WhiteElo "1584"]
[BlackElo "1914"]
[PlyCount "104"]
[EventDate "2019.04.05"]
[EventType "swiss"]
[EventRounds "6"]
[EventCountry "ARG"]
[SourceTitle "CBM 190 Extra"]
[Source "ChessBase"]
[SourceDate "2019.07.15"]
[SourceVersion "1"]
[SourceVersionDate "2019.07.15"]
[SourceQuality "1"]

1. d4 Nf6 2. c4 g6 3. Nc3 d5 4. cxd5 Nxd5 5. e4 Nxc3 6. bxc3 Bg7 7. Bc4 c5 8. Ne2 Nc6 9. Be3 0-0 10. 0-0 Bg4 11. f3 Bd7 12. Qd2 Qa5 13. Rfd1 Rfd8 14. Rab1 Qc7 15. Rb5 b6 16. Rbb1 Be8 17. Qb2 cxd4 18. cxd4 Na5 19. Ba6 b5 20. Bxb5 Rab8 21. Qc3 Qxc3 22. Nxc3 Bxb5 23. Nxb5 Nc4 24. Bf2 a6 25. Nc7 Rxb1 26. Rxb1 Bxd4 27. Bxd4 Rxd4 28. Nxa6 Rd2 29. Nb4 Ne3 30. a4 Rxg2+ 31. Kh1 Rg5 32. Nc6 e6 33. Rc1 Rg2 34. Ra1 Rc2 35. Nd4 Rc4 36. Nb5 Rb4 37. Nd6 Nc2 38. Ra2 Rb1+ 39. Kg2 Nb4 40. Ra3 Rb2+ 41. Kg3 Nc2 42. Rc3 Ra2 43. a5 Nd4 44. Rc5 Ra3 45. a6 Rxa6 46. Rc8+ Kg7 47. Ne8+ Kh6 48. f4 Ra3+ 49. Kg4 f5+ 50. exf5 exf5+ 51. Kh4 Ne2 52. Rc4 Ng1 0-1

[Event "General Pico op"]
[Site "General Pico"]
[Date "2019.04.05"]
[Round "1"]
[White "Ojeda Labayru, Diana"]
[Black "Remolcoy, Luciano"]
[Result "0-1"]
[WhiteElo "1512"]
[BlackElo "1914"]
[PlyCount "104"]
[EventDate "2019.04.05"]
[EventType "swiss"]
[EventRounds "6"]
[EventCountry "ARG"]
[SourceTitle "CBM 190 Extra"]
[Source "ChessBase"]
[SourceDate "2019.07.15"]
[SourceVersion "1"]
[SourceVersionDate "2019.07.15"]
[SourceQuality "1"]

1. e4 c5 2. Nf3 d6 3. d4 cxd4 4. Nxd4 Nf6 5. Nc3 a6 6. f3 e6 7. Be3 b5 8. g4 Bb7 9. Qd2 Be7 10. 0-0-0 Nc6 11. Qf2 Nd7 12. h4 Qa5 13. Nb3 Qc7 14. f4 Rc8 15. f5 Nce5 16. fxe6 fxe6 17. g5 Ng4 18. Qe1 Nxe3 19. Qxe3 b4 20. Rd3 bxc3 21. Rxc3 Qb6 22. Rxc8+ Bxc8 23. Qc3 0-0 24. Nd4 Ne5 25. Bh3 Qb7 26. Bxe6+ Bxe6 27. Nxe6 Rc8 28. Qe3 Qb5 29. Rd1 Qc4 30. Qb3 Qxb3 31. axb3 Kf7 32. Nd4 Ng6 33. Nf5 Nxh4 34. Rxd6 Bxg5+ 35. Kb1 Nxf5 36. exf5 h5 37. Rxa6 h4 38. Rg6 Bf6 39. Rg1 h3 40. c4 h2 41. Rh1 Be5 42. Kc2 Rd8 43. b4 Kf6 44. b5 Kxf5 45. c5 Rd4 46. Kb3 Ke6 47. Ka3 Kd5 48. b4 Kc4 49. Ka4 Rd2 50. Rc1+ Bc3 51. Ka5 Ra2+ 52. Kb6 Ra1 0-1

[Event "General Pico op"]
[Site "General Pico"]
[Date "2019.04.05"]
[Round "2"]
[White "Remolcoy, Luciano"]
[Black "Leskovar, Mario Leopoldo"]
[Result "0-1"]
[WhiteElo "1914"]
[BlackElo "2225"]
[PlyCount "80"]
[EventDate "2019.04.05"]
[EventType "swiss"]
[EventRounds "6"]
[EventCountry "ARG"]
[SourceTitle "CBM 190 Extra"]
[Source "ChessBase"]
[SourceDate "2019.07.15"]
[SourceVersion "1"]
[SourceVersionDate "2019.07.15"]
[SourceQuality "1"]

1. d4 g6 2. c4 Bg7 3. Nc3 c5 4. d5 Bxc3+ 5. bxc3 f5 6. g3 d6 7. Bg2 Qa5 8. Qb3 Nd7 9. Nf3 Ngf6 10. Bh6 Rg8 11. 0-0 Nb6 12. Nd2 Bd7 13. e4 fxe4 14. Nxe4 0-0-0 15. Nd2 Rde8 16. Rab1 Qa4 17. Rfe1 Bf5 18. Rb2 Bd3 19. Bf1 Bxf1 20. Rxf1 Ng4 21. Be3 Rd8 22. Bg5 Rd7 23. Re1 h6 24. Bxe7 Re8 25. h3 Nxf2 26. Kxf2 Rdxe7 27. Rbb1 Qd7 28. Nf3 Rxe1 29. Rxe1 Rxe1 30. Nxe1 Qxh3 31. Nf3 Qf5 32. a4 Nd7 33. Kg2 Qe4 34. Kf2 g5 35. a5 a6 36. Qa2 Nf6 37. Nd2 Ng4+ 38. Kf1 Qe3 39. Nb1 Qf3+ 40. Ke1 Qh1+ 0-1

[Event "ARG-ch U2000"]
[Site "Tacuari"]
[Date "2018.11.19"]
[Round "7"]
[White "Semprevivo, Florencia"]
[Black "Remolcoy, Luciano"]
[Result "1-0"]
[WhiteElo "1905"]
[BlackElo "1923"]
[PlyCount "129"]
[EventDate "2018.11.16"]
[EventType "swiss"]
[EventRounds "8"]
[EventCountry "ARG"]
[SourceTitle "EXT 2020"]
[Source "ChessBase"]
[SourceDate "2019.10.17"]
[SourceVersion "1"]
[SourceVersionDate "2019.10.17"]
[SourceQuality "1"]

1. e4 c5 2. Nf3 Nc6 3. d3 d6 4. g3 g6 5. Bg2 Bg7 6. 0-0 Nf6 7. Re1 Bg4 8. h3 Bxf3 9. Bxf3 0-0 10. Bg2 Qc8 11. c3 Nd7 12. Be3 e5 13. Na3 Qb8 14. Nc2 a5 15. d4 Rd8 16. a4 b5 17. axb5 Qxb5 18. Qd2 Rab8 19. Reb1 exd4 20. cxd4 Nb4 21. Bf1 Qb7 22. d5 Ra8 23. Na3 Nb6 24. Nb5 Qe7 25. f3 Re8 26. Bf4 Nc8 27. Ra3 Qd8 28. Kh2 Qb6 29. Re1 Bh8 30. h4 Bg7 31. Bh6 Be5 32. f4 Bh8 33. e5 dxe5 34. d6 Rd8 35. fxe5 Nc6 36. Bc4 Nxe5 37. Rxe5 Bxe5 38. Qd5 Nxd6 39. Qxe5 Ne8 40. Rf3 Rd7 41. Nc3 Qxb2+ 42. Kg1 Rd1+ 43. Rf1 Rxf1+ 44. Kxf1 Rd8 45. Qf4 Rd7 46. Nd5 Qb1+ 47. Kg2 Qc2+ 48. Kg1 Rxd5 49. Bxd5 Qd1+ 50. Kh2 Qxd5 51. Qb8 Qe6 52. Qa8 Qe1 53. Qc8 Qe2+ 54. Kh1 c4 55. Qc6 Qe1+ 56. Kh2 c3 57. Qc5 Qe2+ 58. Kh3 Qf1+ 59. Kh2 Qe2+ 60. Kh3 Qe6+ 61. Kh2 Qd6 62. Qxc3 a4 63. Qc1 Qf6 64. Qc8 Qf1 65. Qxe8# 1-0

[Event "ARG-ch Amateur U2000"]
[Site "Torre Blanca"]
[Date "2016.12.11"]
[Round "8.2"]
[White "Remolcoy, Luciano"]
[Black "Piazza, Cristian"]
[Result "1-0"]
[WhiteElo "1970"]
[BlackElo "1882"]
[PlyCount "53"]
[EventDate "2016.12.08"]
[EventType "swiss"]
[EventRounds "9"]
[EventCountry "ARG"]
[SourceTitle "EXT 2024"]
[Source "ChessBase"]
[SourceDate "2023.10.10"]
[SourceVersion "1"]
[SourceVersionDate "2023.10.10"]
[SourceQuality "1"]

1. d4 f5 2. g3 Nf6 3. Bg2 d5 4. c4 e6 5. Nc3 c6 6. Nh3 Bd6 7. 0-0 Nbd7 8. Bf4 Nf8 9. Qa4 Ng6 10. Bxd6 Qxd6 11. Rfd1 0-0 12. b4 Ne4 13. Qb3 Nxc3 14. Qxc3 f4 15. b5 fxg3 16. hxg3 cxb5 17. cxb5 Bd7 18. a4 Rac8 19. Qe3 Rc4 20. Ng5 Ne7 21. Bh3 Nf5 22. Bxf5 Rxf5 23. Nf3 Be8 24. Ne5 Rc2 25. Rdc1 Qc7 26. Nd3 Bf7 27. Rxc2 1-0

[Event "ARG-ch Amateur U2000"]
[Site "Torre Blanca"]
[Date "2016.12.10"]
[Round "7.4"]
[White "Amoroso, Juan Pablo"]
[Black "Remolcoy, Luciano"]
[Result "0-1"]
[WhiteElo "1914"]
[BlackElo "1970"]
[PlyCount "94"]
[EventDate "2016.12.08"]
[EventType "swiss"]
[EventRounds "9"]
[EventCountry "ARG"]
[SourceTitle "EXT 2024"]
[Source "ChessBase"]
[SourceDate "2023.10.10"]
[SourceVersion "1"]
[SourceVersionDate "2023.10.10"]
[SourceQuality "1"]

1. c4 Nf6 2. g3 d5 3. cxd5 Nxd5 4. Bg2 g6 5. Nc3 Nxc3 6. bxc3 Bg7 7. Rb1 0-0 8. Rxb7 c6 9. Rb2 Qa5 10. Nf3 Rd8 11. 0-0 Bxc3 12. Rc2 Bf6 13. Bb2 Bf5 14. d3 e5 15. Nd2 Be6 16. a3 Bd5 17. Qa1 Nd7 18. Nc4 Qc5 19. Ne3 Qd6 20. Rfc1 Bg5 21. Bxd5 Bxe3 22. Bxf7+ Kxf7 23. fxe3 Rac8 24. d4 Qd5 25. dxe5 Ke6 26. Rd1 Qe4 27. Qc1 Nb8 28. Bd4 Nd7 29. Bxa7 Nxe5 30. Rxd8 Rxd8 31. Bd4 Rxd4 32. exd4 Qxd4+ 33. e3 Qe4 34. Re2 Nf3+ 35. Kf1 Ne5 36. Rg2 Qf3+ 37. Kg1 c5 38. h3 g5 39. g4 c4 40. Kh2 Qe4 41. Rf2 Nd3 42. Qf1 Qe5+ 43. Kh1 Nxf2+ 44. Qxf2 c3 45. Kg1 Ke7 46. Kf1 Qe4 47. Qh2 Qb1+ 0-1

[Event "ARG-chT"]
[Site "Villa Martelli"]
[Date "2016.11.12"]
[Round "8.8"]
[White "Remolcoy, Luciano"]
[Black "Ferrara, Enzo"]
[Result "0-1"]
[WhiteElo "1994"]
[BlackElo "2036"]
[PlyCount "86"]
[EventDate "2016.09.24"]
[EventType "team-swiss"]
[EventRounds "9"]
[EventCountry "ARG"]
[SourceTitle "EXT 2018"]
[Source "ChessBase"]
[SourceDate "2017.10.13"]
[SourceVersion "1"]
[SourceVersionDate "2017.10.13"]
[SourceQuality "1"]
[WhiteTeam "Ushuaia Jaque Mate"]
[BlackTeam "Tren Verde"]
[WhiteTeamCountry "ARG"]
[BlackTeamCountry "ARG"]

1. d4 e6 2. c4 f5 3. g3 Nf6 4. Bg2 d5 5. Nc3 c6 6. Nh3 Bd6 7. 0-0 0-0 8. a3 a5 9. Qb3 Nbd7 10. Bf4 Qe7 11. Rfd1 b6 12. cxd5 a4 13. Qa2 Bxf4 14. dxe6 Nb8 15. Nxf4 g5 16. Nd3 Bxe6 17. Qb1 Bb3 18. Re1 Qd6 19. Ne5 Nfd7 20. Qc1 f4 21. Nb5 cxb5 22. Bxa8 Qxd4 23. Nf3 Qf6 24. Qc3 Qe7 25. Nd4 Bc4 26. Bg2 Nc5 27. Nf3 Nbd7 28. Rad1 Ne4 29. Qd4 Ndf6 30. Qe5 Qg7 31. Nd2 Nxf2 32. Rc1 N2g4 33. Qd4 fxg3 34. hxg3 Qc7 35. Rc3 Rd8 36. Rxc4 bxc4 37. Qxc4+ Qxc4 38. Nxc4 b5 39. Na5 Rd2 40. e4 Ne5 41. Rf1 Nfg4 42. Rb1 Ne3 43. Bf1 Nf3+ 0-1

[Event "ARG-chT"]
[Site "Villa Martelli"]
[Date "2016.10.01"]
[Round "2.5"]
[White "Remolcoy, Luciano"]
[Black "Farias, Geronimo Martin"]
[Result "1-0"]
[WhiteElo "1994"]
[BlackElo "1957"]
[PlyCount "101"]
[EventDate "2016.09.24"]
[EventType "team-swiss"]
[EventRounds "9"]
[EventCountry "ARG"]
[SourceTitle "EXT 2017"]
[Source "ChessBase"]
[SourceDate "2016.10.25"]
[SourceVersion "1"]
[SourceVersionDate "2016.10.25"]
[SourceQuality "1"]
[WhiteTeam "Ushuaia Jaque Mate"]
[BlackTeam "La Torre del Castillo"]
[WhiteTeamCountry "ARG"]
[BlackTeamCountry "ARG"]

1. d4 Nf6 2. c4 g6 3. Nc3 Bg7 4. e4 0-0 5. f4 d6 6. Nf3 Nbd7 7. Bd3 e5 8. fxe5 dxe5 9. d5 c6 10. 0-0 h6 11. Ne1 a5 12. Be3 Qe7 13. Rc1 Nc5 14. Kh1 Ng4 15. Bg1 f5 16. Be2 Re8 17. exf5 gxf5 18. Bxg4 fxg4 19. Qe2 Bd7 20. Rd1 b6 21. Nd3 Nxd3 22. Qxd3 c5 23. Ne4 Rf8 24. Ng3 Rxf1 25. Rxf1 Rf8 26. Rxf8+ Qxf8 27. Qg6 Qf6 28. Qxf6 Bxf6 29. Be3 Bg7 30. Ne4 Kf7 31. Kg1 Ke7 32. Ng3 Kf6 33. Kf2 Be8 34. Ne4+ Ke7 35. Kg3 Bg6 36. Nc3 Bd3 37. b3 Kd7 38. Kxg4 e4 39. Na4 Kc7 40. Bf4+ Kb7 41. Kf5 e3+ 42. Ke6 e2 43. Bd2 Bf8 44. d6 Kc6 45. d7 Kc7 46. Bf4+ Kd8 47. Bg3 Be7 48. Nxb6 Bh7 49. Kd5 h5 50. Kc6 Be4+ 51. Nd5 1-0

[Event "ARG-ch sf"]
[Site "Vicente Lopez"]
[Date "2016.06.27"]
[Round "4"]
[White "Banfi, Pablo"]
[Black "Remolcoy, Luciano"]
[Result "0-1"]
[WhiteElo "1787"]
[BlackElo "1968"]
[PlyCount "48"]
[EventDate "2016.06.25"]
[EventType "swiss"]
[EventRounds "9"]
[EventCountry "ARG"]
[SourceTitle "CBM 173 Extra"]
[Source "ChessBase"]
[SourceDate "2016.08.29"]
[SourceVersion "1"]
[SourceVersionDate "2016.08.29"]
[SourceQuality "1"]

1. e4 c5 2. Nf3 d6 3. d4 cxd4 4. Nxd4 Nf6 5. Nc3 a6 6. Bc4 e6 7. 0-0 b5 8. Bb3 Bb7 9. f3 Nbd7 10. a4 b4 11. Nce2 d5 12. exd5 Nxd5 13. Re1 Bc5 14. Kh1 0-0 15. Ng3 Qh4 16. Nde2 N7f6 17. Bd2 Rfd8 18. Qc1 h6 19. Bf4 Rac8 20. Be5 Ne3 21. Nf4 Neg4 22. fxg4 Nxg4 23. Nh3 Qxh3 24. Ne4 Nf2+ 0-1

[Event "ARG-chT"]
[Site "Villa Martelli"]
[Date "2015.10.10"]
[Round "7.2"]
[White "Obregon, Carlos Andres"]
[Black "Remolcoy, Luciano"]
[Result "1-0"]
[WhiteElo "2537"]
[BlackElo "1929"]
[PlyCount "143"]
[EventDate "2015.08.29"]
[EventType "team-swiss"]
[EventRounds "9"]
[EventCountry "ARG"]
[SourceTitle "EXT 2017"]
[Source "ChessBase"]
[SourceDate "2016.10.25"]
[SourceVersion "1"]
[SourceVersionDate "2016.10.25"]
[SourceQuality "1"]
[WhiteTeam "Ajedrez Plus"]
[BlackTeam "Ushuaia Jaque Mate"]
[WhiteTeamCountry "ARG"]
[BlackTeamCountry "ARG"]

1. e4 c5 2. Nf3 d6 3. d4 cxd4 4. Nxd4 Nf6 5. Nc3 a6 6. Bg5 e6 7. f4 Qc7 8. Bxf6 gxf6 9. Qd2 b5 10. a3 Bb7 11. Be2 h5 12. f5 e5 13. Nb3 Nd7 14. a4 Bh6 15. Qd3 b4 16. Nd5 Bxd5 17. Qxd5 Nb6 18. Qd3 Rc8 19. Qxa6 Nc4 20. 0-0 Ne3 21. Rf3 Rg8 22. g3 Nxc2 23. Rd1 Ke7 24. Rfd3 Nd4 25. Nxd4 exd4 26. Rb3 Be3+ 27. Kg2 Ra8 28. Qd3 h4 29. Qc4 Qxc4 30. Bxc4 Rxa4 31. Bb5 Ra5 32. Be2 hxg3 33. hxg3 Rb8 34. Rh1 d5 35. exd5 Rxd5 36. Bd3 Rc5 37. Ra1 Rc7 38. Ra4 Rcb7 39. Kf3 Kf8 40. Be4 Rb5 41. Ra7 Kg7 42. Rd7 Rf8 43. Bd3 Rb6 44. Bc4 Bg1 45. Rd3 Rc6 46. b3 Rc5 47. Kg4 Rcc8 48. Rd1 Be3 49. Ra1 Rcd8 50. Re7 Rde8 51. Raa7 Rxe7 52. Rxe7 Bd2 53. Rd7 Bc3 54. Kf3 Bb2 55. Rb7 Bc3 56. Ke4 Re8+ 57. Be6 Rf8 58. Rd7 Bb2 59. g4 Bc3 60. Bc4 Re8+ 61. Kd5 Rb8 62. Kd6 Rf8 63. Ke7 Kg8 64. Kxf6 d3+ 65. Ke7 d2 66. f6 Ra8 67. Bxf7+ Kh8 68. Rd3 Ra7+ 69. Kf8 Ra8+ 70. Be8 Ra7 71. g5 Rc7 72. Bd7 1-0

[Event "ARG-chT"]
[Site "Villa Martelli"]
[Date "2014.10.18"]
[Round "8.2"]
[White "Rodriguez Vila, Andres"]
[Black "Remolcoy, Luciano"]
[Result "1-0"]
[WhiteElo "2435"]
[BlackElo "1909"]
[PlyCount "47"]
[EventDate "2014.08.30"]
[EventType "team-tourn"]
[EventRounds "9"]
[EventCountry "ARG"]
[SourceTitle "EXT 2015"]
[Source "ChessBase"]
[SourceDate "2014.11.20"]
[SourceVersion "1"]
[SourceVersionDate "2014.11.20"]
[SourceQuality "1"]
[WhiteTeam "Republica Martelli"]
[BlackTeam "Ushuaia Jaque Mate"]
[WhiteTeamCountry "ARG"]
[BlackTeamCountry "ARG"]

1. e4 c5 2. Nc3 d6 3. f4 Nc6 4. Bc4 Nf6 5. Nf3 a6 6. e5 dxe5 7. Nxe5 Nxe5 8. fxe5 Bg4 9. Be2 Bxe2 10. Qxe2 Nd5 11. e6 fxe6 12. 0-0 Nf6 13. d3 Qd7 14. Be3 Qc6 15. Qf2 0-0-0 16. Ne4 Ng4 17. Qg3 Nxe3 18. Qxe3 g6 19. Rf7 Rd5 20. Raf1 Rf5 21. g4 Rxf1+ 22. Kxf1 Rg8 23. Qf3 Bg7 24. Rxg7 1-0